[Event "Mittelfränkischer Schachkongress 2016"]
[Site "Nürnberg"]
[Date "2016.03.22"]
[Round "2.13"]
[White "Leis, Stefan"]
[Black "Cordts, Elof"]
[Result "1-0"]
[WhiteElo "1970"]
[BlackElo "1749"]
[PlyCount "41"]
[EventDate "2016.??.??"]
[WhiteTeam "SC Mühlhof-Reichelsdorf"]
[BlackTeam "SC Erlangen"]

1. d4 Nf6 2. c4 c5 3. d5 e6 4. Nc3 exd5 5. cxd5 d6 6. e4 g6 7. Bd3 Bg7 8. Nge2
a6 9. a4 Nbd7 10. O-O Ne5 11. Bc2 O-O 12. Bg5 h6 13. Bh4 g5 14. Bg3 Nh5 15. f4
Nxg3 16. Nxg3 Ng4 17. Qd2 Bd4+ 18. Kh1 Be3 19. Qd3 gxf4 20. e5 Qh4 21. Qh7# 1-0

[Event "Mittelfränkischer Schachkongress 2016"]
[Site "Nürnberg"]
[Date "2016.03.22"]
[Round "2.14"]
[White "Gajewski, Richard"]
[Black "Hannweber, Markus"]
[Result "1-0"]
[WhiteElo "1748"]
[BlackElo "2029"]
[PlyCount "93"]
[EventDate "2016.??.??"]
[WhiteTeam "Wolframs-Eschenbach"]
[BlackTeam "SK Nürnberg"]

1. e4 e5 2. d4 exd4 3. c3 d6 4. cxd4 Nf6 5. Nc3 Be7 6. Bc4 O-O 7. Nf3 Bg4 8.
Be3 Nc6 9. O-O a6 10. a3 Qd7 11. Rc1 Rac8 12. Ba2 Bh5 13. Re1 Bg6 14. Bf4 Qg4
15. Qd2 Nh5 16. Bg3 Nxg3 17. hxg3 Rce8 18. Qf4 Qd7 19. e5 dxe5 20. Nxe5 Nxe5
21. dxe5 c6 22. g4 Kh8 23. Rcd1 Qc7 24. Qe3 f5 25. gxf5 Bxf5 26. f4 Qa5 27. Kh2
Bg4 28. Ne2 Bc5 29. Qg3 h5 30. Bb1 Qb6 31. Rf1 Qxb2 32. Rde1 Qxa3 33. Rf3 Qa5
34. Ref1 Qd2 35. Ng1 Qd7 36. Rd3 Qe6 37. Nf3 Be7 38. Nd4 Qc8 39. Rc3 Bf5 40.
Nxf5 Rxf5 41. Qg6 Ref8 42. Rff3 h4 43. Rh3 Qd7 44. Rcg3 Bd8 45. e6 Kg8 46. exd7
hxg3+ 47. Rxg3 1-0

[Event "Mittelfränkischer Schachkongress 2016"]
[Site "Nürnberg"]
[Date "2016.03.23"]
[Round "3.1"]
[White "Erlbeck, Peter"]
[Black "Miller, Eduard"]
[Result "0-1"]
[WhiteElo "2056"]
[BlackElo "2259"]
[PlyCount "54"]
[EventDate "2016.??.??"]
[WhiteTeam "SW Nürnberg Süd"]
[BlackTeam "SC Erlangen"]

1. e4 c6 2. d4 d5 3. exd5 cxd5 4. c4 Nf6 5. Nc3 Nc6 6. Bg5 Be6 7. Nf3 g6 8.
Bxf6 exf6 9. c5 Bg7 10. Bb5 O-O 11. Bxc6 bxc6 12. h3 Bh6 13. O-O Rb8 14. b3 Qa5
15. Na4 Bf5 16. a3 Rfe8 17. b4 Qa6 18. Re1 Be4 19. Nc3 Qc4 20. Nxe4 dxe4 21.
Nh2 f5 22. Qa4 Qb5 23. Qxb5 Rxb5 24. Nf1 Rd8 25. Rad1 a5 26. bxa5 Rxa5 27. Rb1
Rxd4 0-1

[Event "Mittelfränkischer Schachkongress 2016"]
[Site "Nürnberg"]
[Date "2016.03.23"]
[Round "3.2"]
[White "Wagner, Florian"]
[Black "Walter, Thomas"]
[Result "0-1"]
[WhiteElo "2137"]
[BlackElo "2122"]
[PlyCount "94"]
[EventDate "2016.??.??"]
[WhiteTeam "SC Noris-Tarrasch Nürnberg"]
[BlackTeam "SC Erlangen"]

1. g3 e5 2. Bg2 Nc6 3. c4 f5 4. Nc3 Nf6 5. Nf3 Bc5 6. d3 O-O 7. O-O d6 8. Nd5
h6 9. a3 a5 10. Rb1 Be6 11. Nd2 a4 12. Nc3 Qe8 13. Nxa4 Ba7 14. e3 f4 15. Ne4
fxg3 16. fxg3 Ng4 17. Re1 Qf7 18. h3 Nf2 19. Nxf2 Qxf2+ 20. Kh2 Qf5 21. Nc3 Qg6
22. Ne4 Rad8 23. Bd2 d5 24. cxd5 Bxd5 25. Qe2 Ne7 26. g4 c6 27. Rf1 Qe6 28. Bb4
c5 29. Nxc5 Bxc5 30. Bxc5 Bxg2 31. Qxg2 Rxf1 32. Rxf1 Rxd3 33. Qxb7 Rd2+ 34.
Kg1 Nc6 35. Bf8 Rd7 36. Qc8 Kh7 37. Rc1 Rd1+ 38. Rxd1 Qxc8 39. Bc5 e4 40. b4
Ne5 41. Rd6 Qa8 42. Kg2 Qxa3 43. Kg3 Nd3 44. g5 hxg5 45. Bd4 Qxb4 46. Rd7 Qe1+
47. Kg4 Qh4+ 0-1

[Event "Mittelfränkischer Schachkongress 2016"]
[Site "Nürnberg"]
[Date "2016.03.23"]
[Round "3.3"]
[White "Reis, Gerhard"]
[Black "Fuchs, Gerhard"]
[Result "1/2-1/2"]
[WhiteElo "2220"]
[BlackElo "1997"]
[PlyCount "148"]
[EventDate "2016.??.??"]
[WhiteTeam "SW Nürnberg Süd"]
[BlackTeam "SK Nürnberg"]

1. Nf3 Nf6 2. c4 g6 3. g3 Bg7 4. Bg2 d6 5. O-O e5 6. Nc3 O-O 7. d4 Nbd7 8. h3
c6 9. e4 exd4 10. Nxd4 Qb6 11. Re1 Ng4 12. hxg4 Bxd4 13. Re2 Bxc3 14. bxc3 Ne5
15. Qxd6 Nxc4 16. Qf4 Be6 17. Re1 Qa5 18. Qf6 Qe5 19. Bg5 Bxg4 20. f4 Qxf6 21.
Bxf6 Rac8 22. Kf2 Nb6 23. Rh1 Nd7 24. Be7 Rfe8 25. Bd6 Re6 26. Ba3 Nb6 27. Rh4
h5 28. Bf3 Bxf3 29. Kxf3 Nc4 30. Bc1 Rd8 31. f5 Ree8 32. Bf4 Rd3+ 33. Ke2 Rxc3
34. Rd1 Rxe4+ 35. Kf2 Ne3 36. Rd8+ Kg7 37. Bh6+ Kxh6 38. Rxe4 Nxf5 39. Rd7 f6
40. g4 hxg4 41. Rxg4 Rc2+ 42. Kf3 Rxa2 43. Rf7 Ra3+ 44. Kf4 Ra4+ 45. Kf3 Nd4+
46. Ke3 Ra3+ 47. Kf2 Ra2+ 48. Ke3 Nf5+ 49. Kf3 Ra3+ 50. Kf2 Kh5 51. Rg1 Ra2+
52. Kf3 Nh4+ 53. Ke3 Ra3+ 54. Ke2 Kh6 55. Rxf6 Ra4 56. Rb1 Re4+ 57. Kd3 Re7 58.
Rg1 Kh5 59. Rf8 Kh6 60. Rf4 g5 61. Rf8 Ng6 62. Rg8 Nf4+ 63. Kc2 Ng6 64. Rh1+
Nh4 65. Rg1 Re2+ 66. Kd3 Rg2 67. Rxg2 Nxg2 68. Ke4 a5 69. Rh8+ Kg6 70. Rb8 b5
71. Rb6 a4 72. Rxc6+ Kh5 73. Rb6 g4 74. Rxb5+ Kh4 1/2-1/2

[Event "Mittelfränkischer Schachkongress 2016"]
[Site "Nürnberg"]
[Date "2016.03.23"]
[Round "3.4"]
[White "Seibold, Hubert"]
[Black "Wittmann, Helmut"]
[Result "1/2-1/2"]
[WhiteElo "2165"]
[BlackElo "2079"]
[PlyCount "82"]
[EventDate "2016.??.??"]
[WhiteTeam "SK Zirndorf"]
[BlackTeam "BSG Wöhrlhaus"]

1. e4 g6 2. d4 Bg7 3. Nc3 d6 4. f4 Nc6 5. Be3 Nf6 6. Nf3 O-O 7. Be2 e5 8. fxe5
dxe5 9. d5 Nb8 10. O-O c6 11. a4 cxd5 12. exd5 Ng4 13. Bc5 Nd7 14. Bxf8 Nxf8
15. Qd3 Qb6+ 16. Kh1 Nf2+ 17. Rxf2 Qxf2 18. a5 Bf5 19. Ne4 Bxe4 20. Qxe4 Nd7
21. Rf1 Qc5 22. b4 Nf6 23. Qc4 Qxd5 24. Ng5 h6 25. Qxd5 Nxd5 26. Nxf7 Rc8 27.
Nd6 Rxc2 28. Bc4 Kh7 29. Bxd5 Rd2 30. Bxb7 Rxd6 31. g3 e4 32. Bxe4 Rd4 33. Rf4
Be5 34. Rg4 h5 35. Bxg6+ Kh6 36. Rxd4 Bxd4 37. Bd3 Bc3 38. a6 Bxb4 39. Kg2 Kg5
40. h4+ Kh6 41. Bb5 Be1 1/2-1/2

[Event "Mittelfränkischer Schachkongress 2016"]
[Site "Nürnberg"]
[Date "2016.03.23"]
[Round "3.5"]
[White "Böhme, Markus"]
[Black "Hirn, Oskar"]
[Result "0-1"]
[WhiteElo "1937"]
[BlackElo "2209"]
[PlyCount "54"]
[EventDate "2016.??.??"]
[WhiteTeam "SC Uttenreuth"]
[BlackTeam "SC Noris-Tarrasch Nürnberg"]

1. d4 Nf6 2. c4 g6 3. Nc3 Bg7 4. e4 d6 5. Nf3 O-O 6. Be2 e5 7. O-O Nbd7 8. Qc2
exd4 9. Nxd4 Re8 10. Be3 Nc5 11. f3 a5 12. b3 Nfd7 13. Qd2 c6 14. Rfd1 Qe7 15.
Bg5 Bxd4+ 16. Qxd4 Qxg5 17. Kh1 Qe5 18. Qd2 Nf8 19. Qxd6 Qxc3 20. Qxc5 f5 21.
Bd3 Ne6 22. Qe3 f4 23. Qf2 Qd4 24. Qh4 Qe5 25. Bc2 Nd4 26. Rac1 Be6 27. Rd2 c5
0-1

[Event "Mittelfränkischer Schachkongress 2016"]
[Site "Nürnberg"]
[Date "2016.03.23"]
[Round "3.6"]
[White "Tong, Kevin"]
[Black "Walter, Florian"]
[Result "1-0"]
[WhiteElo "2007"]
[BlackElo "2160"]
[PlyCount "161"]
[EventDate "2016.??.??"]
[WhiteTeam "SC Erlangen"]
[BlackTeam "SC Noris-Tarrasch Nürnberg"]

1. e4 c5 2. Nf3 g6 3. d4 cxd4 4. Nxd4 Bg7 5. c4 Nc6 6. Be3 Nf6 7. Nc3 Ng4 8.
Qxg4 Nxd4 9. Qd1 Ne6 10. Qd2 Qa5 11. Rc1 b6 12. Be2 Bb7 13. f3 Bc6 14. O-O O-O
15. Rfd1 f5 16. Nd5 Qxd2 17. Rxd2 Rae8 18. b4 fxe4 19. fxe4 h5 20. a4 Kh7 21.
Ra2 Nd4 22. Bd3 e6 23. Nc7 Rc8 24. Nb5 Bxb5 25. axb5 Rc7 26. Rd1 d6 27. Bf1 e5
28. Rda1 Rff7 29. Bxd4 exd4 30. Bd3 Be5 31. g3 Kh6 32. Kg2 h4 33. g4 Kg5 34. h3
Bg3 35. Re2 Rf4 36. e5 Re7 37. e6 Rf6 38. Raa2 Be5 39. c5 Rfxe6 40. c6 d5 41.
Rf2 Bd6 42. Rf8 Re3 43. Rd8 Be5 44. Ra3 Rg3+ 45. Kf2 Rxh3 46. Rxd5 Kf6 47. g5+
Kg7 48. Rd7 Rxd7 49. cxd7 Bc7 50. Rxa7 Bd8 51. Ra8 Bxg5 52. Be4 Rh2+ 53. Kf3
Rh3+ 54. Kf2 Rh2+ 55. Kf3 Rh3+ 56. Kg2 Re3 57. Bc6 h3+ 58. Kh1 d3 59. d8=Q Bxd8
60. Rxd8 Kf6 61. Rd5 g5 62. Bd7 Kg6 63. Kh2 Kh5 64. Bxh3 Re2+ 65. Kg3 Re3+ 66.
Kg2 Re2+ 67. Kf3 Rb2 68. Rxd3 Rxb4 69. Bd7 Kh4 70. Rd2 g4+ 71. Kg2 Rc4 72. Bf5
Rb4 73. Bd3 Rd4 74. Rd1 Rd5 75. Be2 Re5 76. Kf1 Kh3 77. Rd6 Rf5+ 78. Kg1 Kg3
79. Rxb6 Rf4 80. Rg6 Rb4 81. Rxg4+ 1-0

[Event "Mittelfränkischer Schachkongress 2016"]
[Site "Nürnberg"]
[Date "2016.03.23"]
[Round "3.7"]
[White "Heimrath, Reiner"]
[Black "Link, Andreas"]
[Result "0-1"]
[WhiteElo "2156"]
[BlackElo "1972"]
[PlyCount "98"]
[EventDate "2016.??.??"]
[WhiteTeam "SC Noris-Tarrasch Nürnberg"]
[BlackTeam "Zabo-Eintracht Nürnberg"]

1. Nf3 c5 2. g3 g6 3. c4 Bg7 4. Bg2 Nc6 5. d3 e6 6. h4 h6 7. Nbd2 Nge7 8. Rb1
d5 9. a3 a5 10. Qc2 d4 11. b3 O-O 12. h5 f5 13. hxg6 Nxg6 14. Nh4 Nxh4 15. Rxh4
Ne5 16. Nf1 Rf6 17. Rh1 Qf8 18. Bd2 Ra7 19. b4 axb4 20. axb4 b6 21. bxc5 bxc5
22. Bf4 Ng6 23. Bb8 Raf7 24. f4 e5 25. Bd5 Kh7 26. fxe5 Ra6 27. Bd6 Qe8 28.
Bxf7 Qxf7 29. Qb2 f4 30. gxf4 Nxf4 31. Rh2 Qe6 32. Qb8 Ra2 33. Qb3 Ra6 34. Nd2
Qg4 35. Nf1 Ng2+ 36. Kd1 Bd7 37. Qb7 Ba4+ 38. Kc1 Qxe2 39. Nd2 Qd1+ 40. Kb2
Qxd2+ 41. Ka1 Ra5 42. Rxh6+ Qxh6 43. Qc7 Ra8 44. Bxc5 Bc2+ 45. Ba7 Bxb1 46.
Kxb1 Rf8 47. Bxd4 Qd2 48. Bb2 Qxd3+ 49. Ka2 Ra8+ 0-1

[Event "Mittelfränkischer Schachkongress 2016"]
[Site "Nürnberg"]
[Date "2016.03.23"]
[Round "3.8"]
[White "Bildt, Maximilian"]
[Black "Gajewski, Richard"]
[Result "1-0"]
[WhiteElo "1997"]
[BlackElo "1748"]
[PlyCount "51"]
[EventDate "2016.??.??"]
[WhiteTeam "SK Zirndorf"]
[BlackTeam "Wolframs-Eschenbach"]

1. e4 e6 2. d4 b6 3. Bd3 Bb7 4. Nf3 c5 5. Nc3 cxd4 6. Nxd4 Bc5 7. Nb3 Be7 8.
Be3 a6 9. Qe2 Nc6 10. f4 h5 11. Qf2 b5 12. Nc5 Rb8 13. e5 Nh6 14. h3 g5 15.
O-O-O gxf4 16. Bxf4 Bg5 17. N3e4 Be7 18. Rhf1 Nf5 19. g4 hxg4 20. hxg4 Bxc5 21.
Qxc5 Nfe7 22. Nd6+ Kf8 23. Bg5 f5 24. gxf5 Kg8 25. f6 Nxe5 26. Qxe5 1-0

[Event "Mittelfränkischer Schachkongress 2016"]
[Site "Nürnberg"]
[Date "2016.03.23"]
[Round "3.9"]
[White "Brenner, Christian"]
[Black "Sattler, Stefan"]
[Result "1/2-1/2"]
[WhiteElo "2037"]
[BlackElo "2087"]
[PlyCount "86"]
[EventDate "2016.??.??"]
[WhiteTeam "Zabo-Eintracht Nürnberg"]
[BlackTeam "SK Herzogenaurach"]

1. e4 e6 2. d4 d5 3. Nc3 Nf6 4. e5 Nfd7 5. f4 c5 6. Nf3 Nc6 7. Be3 cxd4 8. Nxd4
Bc5 9. Qd2 O-O 10. h4 Qa5 11. Nb3 Bxe3 12. Qxe3 Qb4 13. a3 Qe7 14. O-O-O a6 15.
h5 b5 16. g4 f6 17. Bg2 Bb7 18. exf6 Nxf6 19. g5 Ne4 20. Nxe4 dxe4 21. Bxe4 Nd8
22. Nc5 Bxe4 23. Rd7 Qxd7 24. Nxd7 Bxh1 25. Nxf8 Kxf8 26. h6 gxh6 27. gxh6 Bd5
28. Qd4 Ke7 29. Qg7+ Nf7 30. Qxh7 Rh8 31. Qg7 Rxh6 32. Qd4 Rh1+ 33. Kd2 Nd6 34.
Qa7+ Bb7 35. b3 Kd7 36. Qb6 Rh2+ 37. Kc1 Be4 38. Qa7+ Bb7 39. Qb6 Rh1+ 40. Kd2
Rh4 41. Qd4 Rh2+ 42. Kc1 Be4 43. Qa7+ Bb7 1/2-1/2

[Event "Mittelfränkischer Schachkongress 2016"]
[Site "Nürnberg"]
[Date "2016.03.23"]
[Round "3.10"]
[White "Süß, Stefan"]
[Black "Leis, Stefan"]
[Result "1/2-1/2"]
[WhiteElo "2023"]
[BlackElo "1970"]
[PlyCount "99"]
[EventDate "2016.??.??"]
[WhiteTeam "SC Noris-Tarrasch Nürnberg"]
[BlackTeam "SC Mühlhof-Reichelsdorf"]

1. Nf3 Nf6 2. c4 c6 3. b3 d5 4. e3 Bg4 5. Be2 e6 6. O-O Nbd7 7. Bb2 Be7 8. Qc2
O-O 9. d3 Bh5 10. Nh4 Bxe2 11. Qxe2 Ne8 12. Nf3 Bf6 13. d4 Nd6 14. Nbd2 Re8 15.
Ne5 c5 16. Ng4 Rc8 17. Nxf6+ Qxf6 18. Rac1 b6 19. Nf3 Qf5 20. cxd5 Qxd5 21.
Rfd1 c4 22. Ne5 c3 23. Bxc3 Ne4 24. Bb2 f6 25. Nxd7 Qxd7 26. Qd3 Qb7 27. f3 Ng5
28. e4 Nf7 29. Ba3 Red8 30. Rc4 Ne5 31. Rxc8 Nxd3 32. Rxd8+ Kf7 33. Rxd3 Qa6
34. Rd2 Qxa3 35. Rc8 Qb4 36. Rcc2 Ke7 37. Kf2 g5 38. Ke3 f5 39. exf5 exf5 40.
Rc7+ Kd6 41. Rxh7 f4+ 42. Ke2 a5 43. Rh6+ Kd7 44. d5 a4 45. d6 Qb5+ 46. Kd1
axb3 47. axb3 Qxb3+ 48. Ke1 Qe3+ 49. Re2 Qg1+ 50. Kd2 1/2-1/2

[Event "Mittelfränkischer Schachkongress 2016"]
[Site "Nürnberg"]
[Date "2016.03.23"]
[Round "3.11"]
[White "Vogiatzis, Dimitrios"]
[Black "Böhme, Sebastian"]
[Result "0-1"]
[WhiteElo "2080"]
[BlackElo "1766"]
[PlyCount "62"]
[EventDate "2016.??.??"]
[WhiteTeam "SC Noris-Tarrasch Nürnberg"]
[BlackTeam "SC Uttenreuth"]

1. e4 e6 2. Nf3 d5 3. e5 c5 4. c3 Nc6 5. Bd3 f6 6. Qe2 fxe5 7. Nxe5 Nxe5 8.
Qxe5 Nf6 9. Bb5+ Kf7 10. d3 Bd6 11. Qe2 Qa5 12. a4 a6 13. b4 cxb4 14. Bb2 Qb6
15. c4 axb5 16. Bxf6 gxf6 17. Qh5+ Ke7 18. Qh6 Rf8 19. O-O dxc4 20. dxc4 bxc4
21. Nd2 c3 22. Nc4 Qc7 23. Nxd6 Qxd6 24. Rad1 Qc7 25. Rd4 Rxa4 26. Rg4 Rf7 27.
Rg7 Rxg7 28. Qxg7+ Kd6 29. Qf8+ Kc6 30. Qxf6 c2 31. Qd4 Kb5 0-1

[Event "Mittelfränkischer Schachkongress 2016"]
[Site "Nürnberg"]
[Date "2016.03.23"]
[Round "3.12"]
[White "Hannweber, Markus"]
[Black "Junk, Philipp"]
[Result "1/2-1/2"]
[WhiteElo "2029"]
[BlackElo "1781"]
[PlyCount "46"]
[EventDate "2016.??.??"]
[WhiteTeam "SK Nürnberg"]
[BlackTeam "SC  JÄKLECHEMIE"]

1. e4 c5 2. Nf3 e6 3. d4 cxd4 4. Nxd4 a6 5. a3 Nf6 6. Nc3 Qc7 7. Be2 b5 8. Qd3
Bb7 9. f3 d6 10. O-O Nbd7 11. Be3 Be7 12. Rfd1 Rc8 13. Rac1 Ne5 14. Qd2 O-O 15.
Qe1 Nfd7 16. Nb3 Nb6 17. Nd2 Nbc4 18. Nxc4 Nxc4 19. Bxc4 Qxc4 20. Qe2 Qc6 21.
Bd4 Bg5 22. Be3 Bf6 23. Bd4 Bg5 1/2-1/2

[Event "Mittelfränkischer Schachkongress 2016"]
[Site "Nürnberg"]
[Date "2016.03.23"]
[Round "3.13"]
[White "Balhar, Michael"]
[Black "Rausch, Wolfgang sr"]
[Result "1/2-1/2"]
[WhiteElo "1795"]
[BlackElo "1862"]
[PlyCount "73"]
[EventDate "2016.??.??"]
[WhiteTeam "SC Erlangen"]
[BlackTeam "SW Nürnberg Süd"]

1. e4 c6 2. c4 e5 3. Nf3 Qc7 4. d4 d6 5. Nc3 Nf6 6. d5 Be7 7. Be2 O-O 8. O-O
Re8 9. b4 a5 10. b5 Nbd7 11. Ne1 Nc5 12. Bf3 cxd5 13. cxd5 Bd7 14. a4 Rec8 15.
Bb2 Ne8 16. Nd3 f5 17. Rc1 Bg5 18. Rc2 Nxa4 19. Nxa4 Qxc2 20. Nb6 Bxb5 21. Nxa8
Qxd3 22. Nb6 Rc2 23. Qxd3 Bxd3 24. Rb1 Rxf2 25. Kxf2 Bxb1 26. exf5 Bxf5 27. Bc3
Bd8 28. Bxa5 Nf6 29. Nc8 Bxa5 30. Ne7+ Kf7 31. Nxf5 Bb6+ 32. Ke2 Bc5 33. Ng3 g5
34. Kd3 g4 35. Bd1 Nxd5 36. Bb3 Bg1 37. Bxd5+ 1/2-1/2

[Event "Mittelfränkischer Schachkongress 2016"]
[Site "Nürnberg"]
[Date "2016.03.23"]
[Round "3.14"]
[White "Cordts, Elof"]
[Black "Schlötterer, Hermann"]
[Result "0-1"]
[WhiteElo "1749"]
[BlackElo "1861"]
[PlyCount "70"]
[EventDate "2016.??.??"]
[WhiteTeam "SC Erlangen"]
[BlackTeam "Zabo-Eintracht Nürnberg"]

1. e4 d5 2. exd5 Qxd5 3. Nc3 Qd6 4. Nf3 Nf6 5. Be2 a6 6. O-O Bg4 7. d3 Nc6 8.
Re1 O-O-O 9. Nd2 h5 10. Nde4 Nxe4 11. Nxe4 Qe5 12. Ng5 Bxe2 13. Qxe2 Qf5 14.
Qe4 Rd5 15. Be3 e6 16. Nf3 Be7 17. Re2 g5 18. c4 Qxe4 19. dxe4 Ra5 20. a3 g4
21. Nd2 h4 22. Nb3 Rah5 23. Rd1 Bd6 24. Red2 Be5 25. Rd7 R5h7 26. R7d2 Rg8 27.
Nd4 Ne7 28. Ne2 Ng6 29. b4 f5 30. exf5 exf5 31. Bd4 g3 32. fxg3 hxg3 33. h3 Rd7
34. Rd3 Rgd8 35. R3d2 Nf4 0-1

[Event "Mittelfränkischer Schachkongress 2016"]
[Site "Nürnberg"]
[Date "2016.03.23"]
[Round "4.1"]
[White "Miller, Eduard"]
[Black "Walter, Thomas"]
[Result "1/2-1/2"]
[WhiteElo "2259"]
[BlackElo "2122"]
[PlyCount "23"]
[EventDate "2016.??.??"]
[WhiteTeam "SC Erlangen"]
[BlackTeam "SC Erlangen"]

1. e4 c5 2. Nf3 d6 3. d4 cxd4 4. Nxd4 Nf6 5. Nc3 g6 6. Be3 Bg7 7. f3 Nc6 8. Qd2
O-O 9. Bc4 Bd7 10. O-O-O Rc8 11. Bb3 Ne5 12. Kb1 1/2-1/2

[Event "Mittelfränkischer Schachkongress 2016"]
[Site "Nürnberg"]
[Date "2016.03.23"]
[Round "4.2"]
[White "Wittmann, Helmut"]
[Black "Wagner, Florian"]
[Result "1-0"]
[WhiteElo "2079"]
[BlackElo "2137"]
[PlyCount "45"]
[EventDate "2016.??.??"]
[WhiteTeam "BSG Wöhrlhaus"]
[BlackTeam "SC Noris-Tarrasch Nürnberg"]

1. d4 Nf6 2. Nf3 g6 3. Bg5 Ne4 4. Bf4 d5 5. Nbd2 Bg7 6. c3 Nd6 7. e3 O-O 8. Be2
Nd7 9. O-O b6 10. c4 Bb7 11. cxd5 Bxd5 12. Qc2 e6 13. Rfc1 Rc8 14. Ba6 Bb7 15.
Bxb7 Nxb7 16. Qa4 e5 17. Bg5 f6 18. Bh4 exd4 19. exd4 a5 20. Qc4+ Rf7 21. Bg3
c6 22. Qa6 Nf8 23. Nc4 1-0

[Event "Mittelfränkischer Schachkongress 2016"]
[Site "Nürnberg"]
[Date "2016.03.23"]
[Round "4.3"]
[White "Erlbeck, Peter"]
[Black "Seibold, Hubert"]
[Result "1-0"]
[WhiteElo "2056"]
[BlackElo "2165"]
[PlyCount "99"]
[EventDate "2016.??.??"]
[WhiteTeam "SW Nürnberg Süd"]
[BlackTeam "SK Zirndorf"]

1. e4 c5 2. Nc3 Nc6 3. f4 g6 4. Nf3 Bg7 5. Bc4 e6 6. f5 Nge7 7. fxe6 dxe6 8. d3
Ne5 9. Nxe5 Bxe5 10. Be3 b6 11. Qf3 Nc6 12. O-O O-O 13. Qf2 Bg7 14. Rad1 Bb7
15. Ne2 Ne5 16. Bf4 Qd7 17. Bb3 Nc6 18. c3 Na5 19. Bc2 e5 20. Bc1 Rac8 21. Ng3
Rc7 22. Bg5 f6 23. Bc1 Kh8 24. h4 h5 25. Qe2 Qg4 26. Qxg4 hxg4 27. h5 Kh7 28.
hxg6+ Kxg6 29. Nf5 Bc8 30. Rde1 Rh8 31. Bd1 c4 32. dxc4 Nxc4 33. Bxg4 Bf8 34.
Bh3 Bc5+ 35. Kh2 a5 36. Rf3 Bxf5 37. Rxf5 Nd6 38. Rf3 Nf7 39. Ref1 Be7 40. Rg3+
Ng5 41. Rf5 Rd8 42. Bxg5 fxg5 43. Rxe5 Rd2 44. Re6+ Kg7 45. Bf5 Rxb2 46. Rh3
Rd2 47. e5 Re2 48. Rg6+ Kf8 49. Rh8+ Kf7 50. e6+ 1-0

[Event "Mittelfränkischer Schachkongress 2016"]
[Site "Nürnberg"]
[Date "2016.03.23"]
[Round "4.4"]
[White "Fuchs, Gerhard"]
[Black "Tong, Kevin"]
[Result "1-0"]
[WhiteElo "1997"]
[BlackElo "2007"]
[PlyCount "103"]
[EventDate "2016.??.??"]
[WhiteTeam "SK Nürnberg"]
[BlackTeam "SC Erlangen"]

1. d4 d5 2. Bf4 Nf6 3. e3 Bf5 4. c4 e6 5. Qb3 Qc8 6. Nc3 c6 7. Nf3 h6 8. h3 Be7
9. Ne5 Nbd7 10. Rc1 Nxe5 11. Bxe5 Qd7 12. c5 O-O 13. Be2 Ne4 14. Nxe4 Bxe4 15.
O-O Rae8 16. Qc3 f6 17. Bg3 Bd8 18. Bh5 g6 19. Be2 Bc7 20. Bxc7 Qxc7 21. Bd3
Bxd3 22. Qxd3 Kh7 23. e4 Rd8 24. Rfe1 Rfe8 25. e5 f5 26. b4 Rb8 27. Re2 g5 28.
b5 cxb5 29. Qxb5 Qc6 30. Rb2 Rec8 31. Rcb1 b6 32. Qxc6 Rxc6 33. a4 Rbc8 34.
cxb6 axb6 35. Rxb6 Rxb6 36. Rxb6 Rc4 37. a5 Rxd4 38. Rxe6 Rd1+ 39. Kh2 Ra1 40.
a6 d4 41. Rd6 f4 42. h4 d3 43. hxg5 hxg5 44. Kh3 d2 45. Rxd2 Rxa6 46. Kg4 Ra5
47. Re2 Kg6 48. e6 Ra8 49. e7 Re8 50. Re5 Kf6 51. Rxg5 Rxe7 52. Rf5+ 1-0

[Event "Mittelfränkischer Schachkongress 2016"]
[Site "Nürnberg"]
[Date "2016.03.23"]
[Round "4.5"]
[White "Hirn, Oskar"]
[Black "Reis, Gerhard"]
[Result "1-0"]
[WhiteElo "2209"]
[BlackElo "2220"]
[PlyCount "101"]
[EventDate "2016.??.??"]
[WhiteTeam "SC Noris-Tarrasch Nürnberg"]
[BlackTeam "SW Nürnberg Süd"]

1. d4 Nf6 2. Nf3 g6 3. Bf4 Bg7 4. c3 b6 5. Nbd2 Bb7 6. h3 O-O 7. e3 c5 8. Bd3
d6 9. Qe2 a6 10. O-O Nbd7 11. Bh2 Re8 12. e4 cxd4 13. cxd4 Nf8 14. Rac1 Ne6 15.
Rfd1 b5 16. b4 Nh5 17. Qe3 Qb6 18. Nb3 Rac8 19. d5 Qxe3 20. fxe3 Nf8 21. Na5
Ba8 22. a4 e6 23. axb5 exd5 24. Rxc8 Rxc8 25. b6 dxe4 26. Bxa6 Rb8 27. b7 Bxb7
28. Bxb7 exf3 29. Bxd6 Re8 30. Bxf3 Bh6 31. Nc4 Nd7 32. Bc6 Rc8 33. b5 Nb6 34.
Nxb6 Bxe3+ 35. Kf1 Bxb6 36. Ra1 Rd8 37. Ra6 Rxd6 38. Rxb6 Ng3+ 39. Kf2 Nf5 40.
Rb8+ Kg7 41. Be4 Nd4 42. b6 Ne6 43. b7 Nc5 44. Rg8+ Kxg8 45. b8=Q+ Kg7 46. Bf3
Nd3+ 47. Kg3 Re6 48. Qd8 Ne5 49. Bd5 Rf6 50. Qe7 Nd3 51. Qe3 1-0

[Event "Mittelfränkischer Schachkongress 2016"]
[Site "Nürnberg"]
[Date "2016.03.23"]
[Round "4.6"]
[White "Link, Andreas"]
[Black "Bildt, Maximilian"]
[Result "1/2-1/2"]
[WhiteElo "1972"]
[BlackElo "1997"]
[PlyCount "90"]
[EventDate "2016.??.??"]
[WhiteTeam "Zabo-Eintracht Nürnberg"]
[BlackTeam "SK Zirndorf"]

1. d4 Nf6 2. Nf3 c5 3. c4 cxd4 4. Nxd4 e5 5. Nc2 d5 6. cxd5 Qxd5 7. Qxd5 Nxd5
8. e4 Nf6 9. Nc3 Be6 10. f3 Bc5 11. Be3 Nbd7 12. Bb5 O-O 13. O-O Rac8 14. Rfd1
Nb6 15. Bxc5 Rxc5 16. Ne3 a6 17. Bf1 g6 18. Rd6 Nc8 19. Rd2 Ne7 20. Rad1 Kg7
21. g3 Rfc8 22. Kf2 h5 23. h4 R5c7 24. Be2 Nc6 25. f4 Bxa2 26. Ned5 Bb3 27.
Nxc7 Bxd1 28. Ne6+ fxe6 29. Bxd1 Rd8 30. Rxd8 Nxd8 31. Ke3 Nc6 32. Bb3 Kf7 33.
f5 gxf5 34. exf5 Nd4 35. fxe6+ Nxe6 36. Na4 Ke7 37. Bxe6 Kxe6 38. Nc5+ Kd5 39.
Nxb7 Ng4+ 40. Ke2 Kc4 41. Kf3 Nf6 42. Ke3 Kb4 43. Kd3 a5 44. b3 Kb5 45. Nd6+
Kb4 1/2-1/2

[Event "Mittelfränkischer Schachkongress 2016"]
[Site "Nürnberg"]
[Date "2016.03.23"]
[Round "4.7"]
[White "Sattler, Stefan"]
[Black "Böhme, Markus"]
[Result "1/2-1/2"]
[WhiteElo "2087"]
[BlackElo "1937"]
[PlyCount "54"]
[EventDate "2016.??.??"]
[WhiteTeam "SK Herzogenaurach"]
[BlackTeam "SC Uttenreuth"]

1. e4 e6 2. d4 d5 3. Bd3 dxe4 4. Bxe4 Nf6 5. Bf3 c5 6. Ne2 Nc6 7. c3 cxd4 8.
cxd4 Bb4+ 9. Nbc3 e5 10. O-O Bxc3 11. Bxc6+ bxc6 12. bxc3 Qa5 13. dxe5 Qxe5 14.
Bf4 Qd5 15. Bd6 Ba6 16. Nf4 Qxd1 17. Rfxd1 O-O-O 18. Rab1 Nd5 19. Be5 Bc4 20.
Nxd5 cxd5 21. Rb8+ Kd7 22. Rb7+ Ke6 23. Bxg7 Rhe8 24. Bd4 a6 25. a3 Rb8 26.
Rxb8 Rxb8 27. Re1+ Kd7 1/2-1/2

[Event "Mittelfränkischer Schachkongress 2016"]
[Site "Nürnberg"]
[Date "2016.03.23"]
[Round "4.8"]
[White "Böhme, Sebastian"]
[Black "Süß, Stefan"]
[Result "1/2-1/2"]
[WhiteElo "1766"]
[BlackElo "2023"]
[PlyCount "39"]
[EventDate "2016.??.??"]
[WhiteTeam "SC Uttenreuth"]
[BlackTeam "SC Noris-Tarrasch Nürnberg"]

1. e4 e6 2. d4 d5 3. exd5 exd5 4. Bd3 Nc6 5. Nf3 Bd6 6. O-O Nge7 7. c3 Bg4 8.
Bg5 f6 9. Bh4 g5 10. Bg3 h5 11. h3 Bf5 12. Re1 Kf7 13. Na3 h4 14. Bxd6 Qxd6 15.
Nc2 Rag8 16. Ne3 Bc8 17. Nh2 Ng6 18. Bf5 Nce7 19. Bxc8 Rxc8 20. Qg4 1/2-1/2

[Event "Mittelfränkischer Schachkongress 2016"]
[Site "Nürnberg"]
[Date "2016.03.23"]
[Round "4.9"]
[White "Leis, Stefan"]
[Black "Brenner, Christian"]
[Result "1/2-1/2"]
[WhiteElo "1970"]
[BlackElo "2037"]
[PlyCount "87"]
[EventDate "2016.??.??"]
[WhiteTeam "SC Mühlhof-Reichelsdorf"]
[BlackTeam "Zabo-Eintracht Nürnberg"]

1. d4 Nf6 2. c4 g6 3. Nf3 Bg7 4. Nc3 O-O 5. e4 d6 6. Be2 e5 7. O-O Nc6 8. d5
Ne7 9. Ne1 Ne8 10. Be3 f5 11. f3 f4 12. Bf2 g5 13. c5 h5 14. Rc1 Kh8 15. Nd3
Ng8 16. cxd6 cxd6 17. Nb5 Nh6 18. Nxa7 Bd7 19. Qb3 Rb8 20. Bb6 Qe7 21. Nb5 g4
22. fxg4 hxg4 23. g3 f3 24. Bd1 Nf7 25. Nc7 Ng5 26. Nf2 Nf6 27. Bc2 Nh5 28. Ne6
Nxe6 29. dxe6 Bxe6 30. Qd3 Rbc8 31. Bb3 Bd7 32. Rc7 Nf4 33. Rxd7 Qxd7 34. gxf4
exf4 35. e5 Bxe5 36. Qg6 g3 37. Qh6+ Qh7 38. Qxh7+ Kxh7 39. hxg3 fxg3 40. Ne4
Kg6 41. Nd2 f2+ 42. Kg2 Bxb2 43. Ne4 Be5 44. Nxg3 1/2-1/2